000 00542nam a2200193Ia 4500
005 20250707113411.0
008 008 250516s9999 xx 000 0 hin d
020 _a978819778529
040 _beng
_cSDCL
041 _ahin
_2hin
084 _aLB R4
100 _aRashtogi, Anshula
_9815232
245 0 _aMashtik rog evam ayurved
246 _aमस्तिष्क रोग एवं आयुर्वेद
260 _aNew Delhi :
_bRawat Prakashan,
_c2024.
300 _a216p.
650 _aSanskrit
942 _cTEXL
_2CC
999 _c1430345
_d1430345